000 01165cam a22002894a 4500
005 20260322212039.0
008 data
010 _a 2006484131
020 _a885440070X
020 _a9788854400702
040 _aDLC
_cDLC
_dDLC
043 _ae-ru---
050 0 0 _aDK510.25
_b.A43 2006
099 _a 914.7 Alb 2006
100 1 _aAlberti, Arnaldo.
245 1 0 _aRussia :
_ba crossroads between history and nature /
_cArnaldo Alberti.
250 _aNew, updated ed.
260 _aVercelli, Italy :
_bWhite Star Publishers,
_cc2006.
300 _a128 p. :
_bchiefly col. ill., col. map ;
_c29 cm.
651 0 _aRussia (Federation)
_vPictorial works.
856 4 2 _3Contributor biographical information
_uhttp://www.loc.gov/catdir/enhancements/fy0623/2006484131-b.html
856 4 2 _3Publisher description
_uhttp://www.loc.gov/catdir/enhancements/fy0623/2006484131-d.html
906 _a7
_bcbc
_corigres
_d2
_encip
_f20
_gy-gencatlg
925 0 _aacquire
_b1 shelf copies
_xpolicy default
955 _ele04 2006-10-06 to BCCD
001 data
999 _c923
_d923